The phonology of English as an international language: New models, new norms, new goals
This book explores the phonology of English from an interational perspective. It advocates a new approach to English pronunciation teaching in which the goals is mutual intelligibility among non-native speakers, rather than the imitation of native speakers.
Guardado en:
| Autor principal: | |
|---|---|
| Formato: | Libro |
| Lenguaje: | Undetermined |
| Publicado: |
Oxford
Oxford Univ. Press
2000
|
| Materias: | |
| Etiquetas: |
Agregar Etiqueta
Sin Etiquetas, Sea el primero en etiquetar este registro!
|
| Thư viện lưu trữ: | Trung tâm Học liệu Trường Đại học Cần Thơ |
|---|
| LEADER | 00850nam a2200205Ia 4500 | ||
|---|---|---|---|
| 001 | CTU_42263 | ||
| 008 | 210402s9999 xx 000 0 und d | ||
| 020 | |b 168.000đ | ||
| 082 | |a 421.55 | ||
| 082 | |b J52 | ||
| 100 | |a Jennifer Jenkins | ||
| 245 | 4 | |a The phonology of English as an international language: New models, new norms, new goals | |
| 245 | 0 | |c Jennifer Jenkins | |
| 260 | |a Oxford | ||
| 260 | |b Oxford Univ. Press | ||
| 260 | |c 2000 | ||
| 520 | |a This book explores the phonology of English from an interational perspective. It advocates a new approach to English pronunciation teaching in which the goals is mutual intelligibility among non-native speakers, rather than the imitation of native speakers. | ||
| 650 | |a english language - phonology | ||
| 904 | |i Minh, 010717 | ||
| 980 | |a Trung tâm Học liệu Trường Đại học Cần Thơ | ||